000 00351nam a2200145Ia 4500
005 20251222151259.0
008 251222s9999||||xx |||||||||||||| ||spa||
020 _a8484730557
082 _a616/P11A
100 _aPablos, Julio de
245 0 _aApuntes de Fracturas Infantiles
250 _a2a.ed.
264 _bEdiciones Ergon, S.A.
942 _cLIB
999 _c22911
_d22911